01648nam a2200337 a 450000100060000000300080000600500170001400800410003103500190007204000260009104100080011708200210012510000520014624500650019826000740026330000210033750400440035850400360040265000890043865000420052765100470056965100450061683000160066183000300067794200120070799900170071995201510073695201430088795201270103095201530115717754BD-RJUL20211209000204.0140217t19621937enk 000 0 eng d a(BD-RjUL)17812 aBD-RjULbengcBD-RjUL aeng a822.09bKND 19621 aKnights, L. C.q(Lionel Charles),d1906-95475810aDrama and society in the age of Jonson /c[by] L.C. Knights. aLondon :bPenguin books in association with Chatto and Windus,c1962. a285 p. ;c20 cm. aBibliography : p. 275-[280], and index. a include bibliography and Index 0aEnglish dramayEarly modern and Elizabethan, 1500-1600xHistory and criticism.92066 0aSocial problems in literature.954759 0aGreat BritainxEconomic conditions.954760 0aGreat BritainxSocial conditions.954761 0vY159242162 0aPeregrine books ;9242163 2ddccBK c17754d17754 00102ddc40708NFICaRUCLbRUCLcStackd1967-05-17eUniversity book agenciesg6.37l0o822.09 KND 1962r2014-02-17 00:00:00tC-3w2021-12-09yBK 00102ddc40708NFICaRUCLbRUCLcStackd1955-07-04eCasel & company g7.00l0o822.09 KND 1951r2020-10-06 00:00:00tC-2w2020-10-06yBK 00102ddc40708NFICaRUCLbRUCLcStackd1955-04-26eU.B.D.l0o822.09 KND 1962r2020-10-19 00:00:00tC-4w2020-10-19yBK 00102ddc40718NFICaRUCLbRUCLcReadingd1967-05-17eUniversity book agenciesg6.70l0o822.09 KND 1962r2020-11-26 00:00:00tC-1w2020-11-26yBK